00741nam a22002177a 450000500170000001000150001702000260003203500140005803700090007208200100008124500640009125000060015526000430016127000590020430000200026349000060028350000390028994200240032899900190035295201520037120251205110035.0 aENG-147239 c150.00a9789384162658 aEN-130771 bDBAD a335.4 aTumulutuous Three Decades:bWritings of an Eminent Marxist/ a1 aHyderabadbPrajasakti Book Housec2013 aM.H. Bhavan, Plot No.21/1, AzamabadbHyderabade500020 a343p.c22cm(pb) v1 aM Basavapunnaiah Selected Writings 2ddccENmTUMh335.4 c213854d213854 001040708NFICaMbMd2025-12-05eDelivery of Books Act Divisiong300.00l0oTUM 335.4pEN-130771r2025-12-05 00:00:00t1v300.00w2025-12-05yEN